[Event "ROM-ch U18"]
[Site "Voineasa"]
[Date "2010.04.11"]
[Round "5"]
[White "Hajbok, Robert"]
[Black "Fracassi, Mihail"]
[Result "1-0"]
[WhiteElo "2280"]
[BlackElo "1778"]
[PlyCount "89"]
[EventDate "2010.04.08"]
[EventType "swiss"]
[EventRounds "9"]
[EventCountry "ROU"]
[SourceTitle "EXT 2020"]
[Source "ChessBase"]
[SourceDate "2019.10.17"]
[SourceVersion "1"]
[SourceVersionDate "2019.10.17"]
[SourceQuality "1"]

1. c4 d5 2. cxd5 Nf6 3. Qa4+ Nbd7 4. Nc3 a6 5. e4 Rb8 6. e5 b5 7. Qf4 Nh5 8. Qf3 g6 9. e6 fxe6 10. dxe6 Ne5 11. Qe4 Bg7 12. d4 Bb7 13. Qh4 Bf6 14. Bg5 Bxg5 15. Qxg5 Qxd4 16. Rd1 Qf4 17. Nh3 Qf6 18. Nd5 Bxd5 19. Rxd5 Nc4 20. Qxf6 Nxf6 21. Bxc4 bxc4 22. Rd2 0-0 23. 0-0 Rfd8 24. Rc2 Rd6 25. Re1 Rbb6 26. Kf1 Rxe6 27. Rxe6 Rxe6 28. Rxc4 Ne4 29. Rd4 Nd6 30. Rd2 Re5 31. Nf4 Kf7 32. Rc2 Ne8 33. Nd3 Rb5 34. b3 Ke6 35. Rc6+ Kd5 36. Rxa6 e5 37. Ra4 Nd6 38. Ke2 c5 39. Nb2 Nf5 40. Ra6 Kd4 41. Nd1 c4 42. Ra4 Nd6 43. Ne3 Rc5 44. Nxc4 Nb5 45. Na3+ 1-0

[Event "ROM-ch U18"]
[Site "Voineasa"]
[Date "2010.04.08"]
[Round "1"]
[White "Fracassi, Mihail"]
[Black "Vezeteu, Daniel"]
[Result "1-0"]
[WhiteElo "1778"]
[BlackElo "2024"]
[PlyCount "85"]
[EventDate "2010.04.08"]
[EventType "swiss"]
[EventRounds "9"]
[EventCountry "ROU"]
[SourceTitle "EXT 2020"]
[Source "ChessBase"]
[SourceDate "2019.10.17"]
[SourceVersion "1"]
[SourceVersionDate "2019.10.17"]
[SourceQuality "1"]

1. c4 c6 2. Nf3 d5 3. b3 Nf6 4. Bb2 g6 5. g3 Bg7 6. Bg2 0-0 7. 0-0 b6 8. d3 Nbd7 9. Nbd2 Re8 10. cxd5 cxd5 11. Ne5 Bb7 12. Nxd7 Nxd7 13. Bxg7 Kxg7 14. Qc2 e5 15. Rac1 Rc8 16. Qb2 Qf6 17. Bh3 Qd6 18. Rxc8 Bxc8 19. b4 f6 20. Rc1 Bb7 21. a3 Rc8 22. Rxc8 Bxc8 23. Qc2 Bb7 24. Qa4 f5 25. Qxa7 Qc6 26. Bg2 e4 27. dxe4 dxe4 28. Nb3 Kh6 29. Nd4 Qd5 30. e3 Bc6 31. a4 b5 32. a5 Ne5 33. Qc7 Bb7 34. Qe7 Nd3 35. Bf1 Qa2 36. Qf8+ Kg5 37. Be2 Qb1+ 38. Kg2 Ne1+ 39. Kh3 Bd5 40. Qd8+ Kh6 41. Qxd5 Nd3 42. Qd6 Nxf2+ 43. Kh4 1-0

[Event "ROM-ch U16 Boys"]
[Site "Voineasa"]
[Date "2008.04.14"]
[Round "4"]
[White "Fracassi, Mihail"]
[Black "Istratescu, Cezar"]
[Result "1/2-1/2"]
[WhiteElo "707"]
[BlackElo "524"]
[PlyCount "65"]
[EventDate "2008.04.08"]
[EventType "swiss"]
[EventRounds "9"]
[EventCountry "ROU"]
[SourceTitle "EXT 2013"]
[Source "ChessBase"]
[SourceDate "2012.11.22"]
[SourceVersion "1"]
[SourceVersionDate "2012.11.22"]
[SourceQuality "1"]

1. c4 c6 2. Nf3 d5 3. cxd5 cxd5 4. d4 Nf6 5. Nc3 h6 6. h3 Bf5 7. Bf4 e6 8. e3 a6 9. Be2 Bd6 10. Bxd6 Qxd6 11. 0-0 0-0 12. Rc1 Nbd7 13. Nd2 Rac8 14. Nb3 Ne4 15. Nxe4 Bxe4 16. Qd2 Rfd8 17. Rfd1 e5 18. dxe5 Qg6 19. f3 Bc2 20. Bd3 Bxd3 21. Qxd3 Qxd3 22. Rxd3 Rxc1+ 23. Nxc1 Nxe5 24. Rc3 Rd6 25. Nd3 Nxd3 26. Rxd3 Kf8 27. Kf2 Ke7 28. Rd2 Ke6 29. Ke2 g5 30. g3 Rc6 31. Kd1 Rc4 32. Rd4 Rxd4+ 33. exd4 1/2-1/2